Proceedings of the tenth ... , Dehra Dun, November 15th - November 20th and November 22nd - November 25th, 1961; v. I

Bibliographic Details
Corporate Author: SILVICULTURAL Conference
Format: Book
Published: Dehra Dun, India : Forest Research Institute and College , 1961
Subjects:

MARC

LEADER 00000cam a2200000 7i4500
001 0000001889
005 20020328.0
090 0 0 |a 634.95   |b SIL 1961 
110 1 0 |a SILVICULTURAL Conference   |i 10th   |k 1961   |j Dehra Dun, India 
245 1 0 |a Proceedings of the tenth ... , Dehra Dun, November 15th - November 20th and November 22nd - November 25th, 1961; v. I 
260 0 0 |a Dehra Dun, India :   |b Forest Research Institute and College ,   |c 1961 
300 |a viii, 534 p. ;   |c 27 cm. 
650 0 0 |a Silviculture   |x Congresses 
998 |a JPSM 
999 |a 0000002995   |b Monograph   |c Open Shelf   |e Default branch